International macroeconomics and finance : (Record no. 7285)

MARC details
000 -LEADER
fixed length control field 00687nam a22002172 4500
001 - CONTROL NUMBER
control field 0000006352
005 - DATE AND TIME OF LATEST TRANSACTION
control field 20151217152017.0
008 - FIXED-LENGTH DATA ELEMENTS--GENERAL INFORMATION
fixed length control field 071022s xx 000 0 eng d
020 ## - INTERNATIONAL STANDARD BOOK NUMBER
International Standard Book Number 063122288x :
Terms of availability KES 4260
040 ## - CATALOGING SOURCE
Original cataloging agency KABU
Transcribing agency KABU
100 1# - MAIN ENTRY--PERSONAL NAME
Personal name Mark, Nelson C.
-- 0000157816
245 10 - TITLE STATEMENT
Title International macroeconomics and finance :
Remainder of title theory and econometric methods /
Statement of responsibility, etc. Nelson C. Mark.
260 ## - PUBLICATION, DISTRIBUTION, ETC. (IMPRINT)
Place of publication, distribution, etc. Oxford :
Name of publisher, distributor, etc. Blackwell,
Date of publication, distribution, etc. 2001.
300 ## - PHYSICAL DESCRIPTION
Extent xi, 283 p.
650 #0 - SUBJECT ADDED ENTRY--TOPICAL TERM
Topical term or geographic name as entry element International finance.
-- 0000149975
650 #0 - SUBJECT ADDED ENTRY--TOPICAL TERM
Topical term or geographic name as entry element Macroeconomics.
-- 0000149933
650 #0 - SUBJECT ADDED ENTRY--TOPICAL TERM
Topical term or geographic name as entry element Econometrics.
-- 0000148275
908 ## - PUT COMMAND PARAMETER (RLIN)
Put command parameter 071022
950 ## - LOCAL HOLDINGS (RLIN)
-- 1
Holdings
Withdrawn status Lost status Source of classification or shelving scheme Not for loan Home library Current library Date acquired Total Checkouts Full call number Barcode Date last seen Price effective from Koha item type
    Library of Congress Classification   Kabarak, Main Campus Kabarak, Main Campus 17/12/2015   HG3881 .M37 010647 17/12/2015 17/12/2015 General Collection
Designed with assistance from East African Informatics Ltd